000 00639ngm a2200289 a 4500
003 OSt
005 20251020182657.0
008 240217s9999 xx 000 0 und d
040 _aPE SENCICO BE
040 _cPE SENCICO BE
041 _aspa
082 _aH005
245 0 _aEnsayo del modelo tapial (sin audio) /
245 0 _cSENCICO
260 _aLima
260 _bSENCICO
260 _c1985
300 _a1 VIDEO
300 _bson., Col.
300 _c1:38'
490 _aMATERIALES NO CONVENCIONALES
520 _aVideo sin audio
650 _aTAPIAL
651 _aPERÚ
910 _aila.
942 _cVID
_2ddc
999 _c4722
_d4722